Egypt and the Hebrew Bible : proceedings of the conference celebrating 40 years ÄAT, Munich, 6-7 Dec. 2019 = Ägypten und Altes Testament : Fachtagung "40 Jahre ÄAT", München, 6.-7. Dez. 2019 /
Other Authors: ,
Format: Book
Language:
German
English
Published:
Münster :
Zaphon,
2022.
Series:
Ägypten und Altes Testament ;
Bd. 100.
Subjects:
Tags: Add Tag
Call Number: DT57 D55 v.100
| LEADER | 05135nam a22006617a 4500 | ||
|---|---|---|---|
| 003 | OSt | ||
| 005 | 20260429064157.0 | ||
| 007 | t| | ||
| 008 | 260429t20222022gw abe b 100 0 ger d | ||
| 010 | |a 2022473928 | ||
| 016 | 7 | |a 020625824 |2 UK | |
| 020 | |a 9783963270628 |q hardbound | ||
| 020 | |a 3963270624 | ||
| 020 | |z 9783963270635 |q E-Book | ||
| 024 | 3 | |a 9783963270628 | |
| 035 | |a (OCoLC)on1317672878 | ||
| 040 | |a OHX |b eng |e rda |c OHX |d QGE |d ZCU |d CGU |d JHE |d PTS |d UKMGB |d IL4J6 |d YDX |d OCLCQ |d OCLCO |d OCLCL |d BRZ |d OCLCO |d DLC |d DLC-MRC |d DLC | ||
| 041 | 0 | |a ger |a eng | |
| 042 | |a lccopycat | ||
| 043 | |a f-ua--- |0 http://id.loc.gov/vocabulary/geographicAreas/f-ua | ||
| 050 | 1 | 4 | |a DT57 |b D55 v.100 |
| 072 | 7 | |a BS |2 lcco | |
| 072 | 7 | |a BM |2 lcco | |
| 082 | 0 | 4 | |a 933 |q OCoLC |2 23/eng/20220803 |
| 245 | 0 | 0 | |a Egypt and the Hebrew Bible : |b proceedings of the conference celebrating 40 years ÄAT, Munich, 6-7 Dec. 2019 = Ägypten und Altes Testament : Fachtagung "40 Jahre ÄAT", München, 6.-7. Dez. 2019 / |c edited by Stefan Jakob Wimmer und Wolfgang Zwickel. |
| 246 | 3 | 0 | |a Proceedings of the conference celebrating 40 years ÄAT, Munich, 6-7 Dec. 2019 |
| 246 | 3 | 1 | |a Ägypten und Altes Testament : Fachtagung "40 Jahre ÄAT", München, 6.-7. Dez. 2019 |
| 264 | 1 | |a Münster : |b Zaphon, |c 2022. | |
| 264 | 4 | |c ©2022 | |
| 300 | |a vi, 298 pages : |b illustrations, maps, plans ; |c 31 cm. | ||
| 336 | |a text |b txt |2 rdacontent |0 http://id.loc.gov/vocabulary/contentTypes/txt | ||
| 337 | |a unmediated |b n |2 rdamedia |0 http://id.loc.gov/vocabulary/mediaTypes/n | ||
| 338 | |a volume |b nc |2 rdacarrier |0 http://id.loc.gov/vocabulary/carriers/nc | ||
| 340 | |0 http://id.loc.gov/vocabulary/millus/ill | ||
| 340 | |0 http://id.loc.gov/vocabulary/millus/map | ||
| 340 | |0 http://id.loc.gov/vocabulary/millus/pln | ||
| 490 | 1 | |a Ägypten und Altes Testament ; |x 0720-9061 ; |v Band 100 | |
| 504 | |a Includes bibliographical references. | ||
| 505 | 0 | |a Preface / Stefan Jakob Wimmer, Wolfgang Zwickel -- 40 Years ÄAT / Stefan Jakob Wimmer -- List of ÄAT Volumes -- Summary of the Conference / Wolfgang Zwickel -- Sprache/Language. Altägyptische Namen und Wörter im Alten Testament : Überlegungen zu Forschungsperspektiven und -methoden in der altertumswissenschaftlichen Lehnwortforschung / Francis Breyer -- Israel and the tribes of Asher, Reuben and Issachar : an investigation into four Canaanite toponyms from New Kingdom Egypt / Pieter Gert van der Veen -- "lt shall be a token of the Covenant" : hieratic inscribed brit-bowls from Ramesside Canaan / Stefan Jakob Wimmer -- Bildwelt/Iconography. Judäo-israelitische Knochensiegel der Eisenzeit II : ägyptische Ikonographie und kanaanäisches Erbe / Stefan Münger -- Die Berliner Stele 7707 und die ägyptisch-aramäischen Grabstelen der Perserzeit / Bernd U. Schipper -- Monotheistische Bildscheu versus Darstellungen von JHWH / Ludwig D. Morenz -- Geschichte/History. Ramses II. und das Trauma von Qades : die Schlachtenszenen auf dem 1. Pylon des Ramesseums in Theben-West / Regine Schulz -- Kamid el-Loz und seine Nachbarn : wirtschaftliche Aktivitäten als soziale Praxis : ein Essay / Marlies Heinz -- Ägypten und der Exodus : ein altes Thema, ein neuer Ansatz / Manfred Bietak -- Die assyrische Eroberung der Südlevante und Ägyptens : ein Vergleich textlicher und archäologischer Evidenzen von Niederlage und ihrer Rezeption / Katharina Streit, Felix Höflmayer -- Ägyptische Aussenpolitik in den Jahren vor dem Untergang Judas und die Sicht des Jeremiabuches / Wolfgang Zwickel -- Krieg und Kulturkontakt : fremde Söldner im spätzeitlichen Ägypten und der Apis / Katja Weiss -- Der Blick aus dem Süden : Ägypten in kuschitisch-meroitischer Sicht / Dietrich Wildung. | |
| 546 | |a 11 German, 2 English contributions. | ||
| 630 | 0 | 0 | |a Bible. |p Old Testament |x History of Biblical events |
| 630 | 0 | 0 | |a Bible. |p Old Testament |x Language, style |
| 630 | 0 | 0 | |a Bible. |p Old Testament |x Antiquities |
| 630 | 0 | 0 | |a Bible, |x History of Biblical events |v Congresses |
| 630 | 0 | 0 | |a Bible, |x Language, style |
| 630 | 0 | 0 | |a Bible, |x Antiquities |
| 651 | 0 | |a Egypt |x History |y To 332 B.C. | |
| 700 | 1 | |a Wimmer, Stefan, |d 1963- |e editor |4 http://id.loc.gov/vocabulary/relators/edt |0 http://id.loc.gov/authorities/names/no2010204387 |1 http://id.loc.gov/rwo/agents/no2010204387 | |
| 700 | 1 | |a Zwickel, Wolfgang |e editor |4 http://id.loc.gov/vocabulary/relators/edt |0 http://id.loc.gov/authorities/names/nr92004065 |1 http://id.loc.gov/rwo/agents/nr92004065 | |
| 758 | |1 http://id.loc.gov/resources/instances/22666083 | ||
| 758 | |4 http://id.loc.gov/ontologies/bibframe/instanceOf |1 http://id.loc.gov/resources/works/22666083 | ||
| 830 | 0 | |a Ägypten und Altes Testament ; |v Bd. 100. |1 http://id.loc.gov/resources/hubs/a023ed25-9466-cb7e-f15f-084ede726a4a | |
| 884 | |a DLC bibframe2marc v3.2-dev |g 20260427 |q DLC |u https://github.com/lcnetdev/bibframe2marc/tree/v3.2-dev | ||
| 906 | |a 7 |b cbc |c copycat |d 3 |e ncip |f 20 |g y-gencatlg | ||
| 942 | |2 lcc |c BK | ||
| 955 | |b fd21 2025-04-04 z-processor |i fd21 2026-04-27 to CMD | ||
| 955 | |a ve21 2022-06-24 |a fd10 2023-01-09 |a fd00 2023-01-11 to GS/GER | ||
| 999 | |c 62201 |d 62201 | ||
